000 00254nam a2200097Ia 4500
008 220204s9999 xx 000 0 und d
082 _a912(100)
_bCOL
245 0 _aCollins complete world atlas
260 _aUK
_bHarper Collins Publishers
_c2005
942 _cBK
999 _c42541
_d42541